[Event "Junior Online 4NCL Division 4"]
[Site "online"]
[Date "2020.10.29"]
[Round "6.253"]
[White "Winser, Frederick"]
[Black "Saraty, Thomas"]
[Result "1-0"]
[WhiteElo "925"]
[BlackElo "962"]
[PlyCount "37"]
[EventDate "2020.10.29"]
[WhiteTeam "Manchester Juniors E"]
[BlackTeam "Surrey Kings 4"]

1. e4 e5 2. Nf3 Nf6 3. Nc3 Nc6 4. d3 d6 5. g3 g6 6. Bg2 Bh6 7. Bxh6 Qe7 8. Bg7
Kd7 9. Bxh8 Qf8 10. Bxf6 Qe7 11. Nd5 Nb4 12. Nxe7 Ke6 13. Bh4 Nxc2+ 14. Qxc2
Kd7 15. Bh3+ Ke8 16. Qxc7 Kf8 17. Bxc8 Ke8 18. Nf5 Kf8 19. Qd8# 1-0

[Event "Junior Online 4NCL Division 4"]
[Site "online"]
[Date "2020.10.29"]
[Round "6.254"]
[White "Salguero, Francisco Javier"]
[Black "Shaktawat, Shaurya"]
[Result "0-1"]
[WhiteElo "925"]
[BlackElo "745"]
[PlyCount "30"]
[EventDate "2020.10.29"]
[WhiteTeam "Surrey Kings 4"]
[BlackTeam "Manchester Juniors E"]

1. e4 e5 2. Nf3 Bd6 3. d4 Nc6 4. dxe5 Nxe5 5. Nxe5 Bxe5 6. Bc4 c6 7. h4 Nf6 8.
Bg5 d5 9. exd5 cxd5 10. Bxd5 Qxd5 11. Nd2 Bg4 12. Qc1 O-O 13. O-O Bd6 14. Nb3
Qe5 15. Na5 Qh2# 0-1

[Event "Junior Online 4NCL Division 4"]
[Site "online"]
[Date "2020.10.29"]
[Round "6"]
[White "Turner, Rufus"]
[Black "Edwards, Zachary"]
[Result "0-1"]
[WhiteElo "1000"]
[BlackElo "1075"]
[PlyCount "184"]
[EventDate "2020.10.29"]
[WhiteTeam "Manchester Juniors E"]
[BlackTeam "Surrey Kings 4"]

1. e4 e5 2. d4 Nc6 3. dxe5 Nxe5 4. Nc3 Ng4 5. h3 Ne5 6. g3 Bb4 7. f4 Bxc3+ 8.
bxc3 Nc4 9. Bxc4 Qf6 10. e5 Qc6 11. Rh2 Qxc4 12. Nf3 Qxc3+ 13. Ke2 Qxa1 14. f5
Qxa2 15. e6 Qc4+ 16. Kd2 fxe6 17. fxe6 dxe6 18. Ng5 h6 19. Nxe6 Bxe6 20. Re2
Qa2 21. Qe1 Rd8+ 22. Kc3 Rd6 23. Kb4 Nf6 24. h4 g5 25. hxg5 hxg5 26. c4 g4 27.
Rxe6+ Rxe6 28. Qxe6+ Kf8 29. Qxf6+ Kg8 30. Qg6+ Kf8 31. Be3 Qg2 32. Bd4 Qxg3
33. Bxh8 Qf4 34. Qg7+ Ke8 35. Qg8+ Kd7 36. Qg7+ Kd6 37. Qg8 g3 38. Qd8+ Ke6 39.
Qe8+ Kf5 40. Qf8+ Kg4 41. Qg8+ Kf3 42. Qd5+ Qe4 43. Qf7+ Ke3 44. Qg7 g2 45.
Qc3+ Kf2 46. Bd4+ Kf1 47. c5 b6 48. cxb6 cxb6 49. Kb5 Qe2+ 50. Kc6 g1=Q 51.
Bxg1 Kxg1 52. Kb7 Qa2 53. Qe3+ Kg2 54. Qe4+ Kf2 55. Qf4+ Ke2 56. Qe4+ Kd2 57.
Qd4+ Kc2 58. Qc4+ Kb2 59. Qb4+ Ka1 60. Qe1+ Kb2 61. Qe2+ Ka1 62. Qe1+ Kb2 63.
Qe2+ Kb3 64. Qe3+ Kb4 65. Qe4+ Kb5 66. Qe8+ Kc5 67. Qf8+ Kb5 68. Qe8+ Kc4 69.
Qg8+ Kb5 70. Qxa2 a5 71. Ka7 a4 72. Kb7 Ka5 73. Ka7 b5 74. Kb7 b4 75. Qe2 a3
76. Ka7 Ka4 77. Kb8 b3 78. Kb7 a2 79. Kb6 Ka3 80. Kb5 b2 81. Qe1 b1=Q+ 82. Qxb1
axb1=Q+ 83. Kc5 Qe4 84. Kb6 Qd5 85. Kc7 Qe6 86. Kb7 Qd6 87. Ka7 Qc6 88. Kb8 Qd7
89. Ka8 Kb4 90. Kb8 Kc5 91. Ka8 Kc6 92. Kb8 Qb7# 0-1

[Event "Junior Online 4NCL Division 4"]
[Site "online"]
[Date "2020.10.29"]
[Round "6.1"]
[White "Saraty, Thomas"]
[Black "Winser, Frederick"]
[Result "0-1"]
[WhiteElo "962"]
[BlackElo "925"]
[PlyCount "61"]
[EventDate "2020.10.29"]
[WhiteTeam "Surrey Kings 4"]
[BlackTeam "Manchester Juniors E"]

1. e4 e5 2. Nc3 Nc6 3. Nf3 Nf6 4. Bd3 Bc5 5. b3 O-O 6. O-O d6 7. g3 Bg4 8. h4
Bxf3 9. Qxf3 Bd4 10. Bb2 Bxc3 11. Bxc3 a5 12. Bb5 Nd4 13. Bxd4 exd4 14. Qd3 c5
15. b4 axb4 16. Bc4 Re8 17. Qb3 Ra3 18. Bxf7+ Kf8 19. Qc4 Re7 20. Bd5 Nxe4 21.
Bxb7 Rxb7 22. Qa6 Rxa6 23. Rfd1 Rf7 24. Re1 Nxd2 25. Re2 Nf3+ 26. Kg2 c4 27.
Rae1 Nxe1+ 28. Rxe1 Re7 29. Rxe7 Qxe7 30. g4 Qe4+ 31. Kg3 0-1

[Event "Junior Online 4NCL Division 4"]
[Site "online"]
[Date "2020.10.29"]
[Round "6.2"]
[White "Shaktawat, Shaurya"]
[Black "Salguero, Francisco Javier"]
[Result "1-0"]
[WhiteElo "745"]
[BlackElo "925"]
[PlyCount "23"]
[EventDate "2020.10.29"]
[WhiteTeam "Manchester Juniors E"]
[BlackTeam "Surrey Kings 4"]

1. e4 d5 2. Nc3 dxe4 3. Nxe4 e5 4. d3 Nh6 5. Nf3 Nf5 6. Nxe5 Bb4+ 7. c3 Bf8 8.
Qh5 g6 9. Qf3 h5 10. Bg5 Be7 11. h4 Nxh4 12. Qxf7# 1-0

[Event "Junior Online 4NCL Division 4"]
[Site "online"]
[Date "2020.10.29"]
[Round "6.5"]
[White "Zabary, Yoav"]
[Black "Wang, Yile"]
[Result "0-1"]
[WhiteElo "940"]
[BlackElo "1195"]
[PlyCount "102"]
[EventDate "2020.10.29"]
[WhiteTeam "Eden Primary Bishops"]
[BlackTeam "Ojays G"]

1. e4 e5 2. Bc4 Nc6 3. Qh5 g6 4. Qf3 Nf6 5. Qe2 d5 6. exd5 Nxd5 7. Nc3 Nxc3 8.
bxc3 Bf5 9. Bb3 Bg7 10. Qc4 O-O 11. Nf3 e4 12. Ne5 Nxe5 13. Qd5 Qxd5 14. Bxd5
c6 15. Bb3 Bg4 16. O-O b5 17. d4 Nd7 18. Ba3 Rfe8 19. f3 exf3 20. gxf3 Bh3 21.
Rf2 a5 22. f4 a4 23. Bxf7+ Kxf7 24. f5 Bxf5 25. Rff1 Re2 26. Rae1 Rae8 27. Rxe2
Rxe2 28. Bb2 Rxc2 29. Ba3 Rxc3 30. Bb2 Bxd4+ 31. Kh1 Rd3 32. Bc1 Kg7 33. Rf4
Rd1+ 34. Kg2 Rg1+ 35. Kf3 c5 36. Bd2 Rf1+ 37. Kg3 Rxf4 38. Bxf4 b4 39. Bc1 b3
40. a3 b2 41. Bxb2 Bxb2 42. h4 c4 43. h5 c3 44. Kf2 c2 45. Ke2 c1=Q 46. hxg6
hxg6 47. Kf2 Bd4+ 48. Ke2 Qe3+ 49. Kf1 Bd3+ 50. Kg2 Qf2+ 51. Kh3 Bf5# 0-1

[Event "Junior Online 4NCL Division 4"]
[Site "online"]
[Date "2020.10.29"]
[Round "6.6"]
[White "Baker, Lawrence"]
[Black "Querfurth Waterman, Tal"]
[Result "1-0"]
[WhiteElo "1195"]
[BlackElo "850"]
[PlyCount "41"]
[EventDate "2020.10.29"]
[WhiteTeam "Ojays G"]
[BlackTeam "Eden Primary Bishops"]

1. e4 e5 2. f4 exf4 3. Nf3 Nc6 4. d4 Nf6 5. Nc3 Bb4 6. Bxf4 Bxc3+ 7. bxc3 Nxe4
8. Qd3 Nf6 9. Bg5 O-O 10. Be2 h6 11. Bxf6 Qxf6 12. O-O Qe7 13. Rae1 Qd8 14. Nd2
d6 15. Qe4 Re8 16. Qf3 Qg5 17. Qxf7+ Kh7 18. Bd3+ Bf5 19. Bxf5+ Kh8 20. Qxe8+
Rxe8 21. Rxe8# 1-0

[Event "Junior Online 4NCL Division 4"]
[Site "online"]
[Date "2020.10.29"]
[Round "6.7"]
[White "Marks, Rory"]
[Black "Gascoyne, Thomas"]
[Result "0-1"]
[WhiteElo "827"]
[BlackElo "1187"]
[PlyCount "22"]
[EventDate "2020.10.29"]
[WhiteTeam "Eden Primary Bishops"]
[BlackTeam "Ojays G"]

1. e4 e5 2. Nf3 Nc6 3. d4 d6 4. Bc4 Nf6 5. dxe5 Nxe4 6. Qd4 Nxd4 7. Nxd4 dxe5
8. Nf3 Nd6 9. Bb3 Nc4 10. Bxc4 Bg4 11. Nxe5 Qd1# 0-1

[Event "Junior Online 4NCL Division 4"]
[Site "online"]
[Date "2020.10.29"]
[Round "6.8"]
[White "Conlon, George"]
[Black "Block, Leo"]
[Result "1-0"]
[WhiteElo "1120"]
[BlackElo "887"]
[PlyCount "23"]
[EventDate "2020.10.29"]
[WhiteTeam "Ojays G"]
[BlackTeam "Eden Primary Bishops"]

1. e4 e5 2. Nf3 Bd6 3. Bc4 Nf6 4. O-O Nxe4 5. Re1 Nf6 6. d4 O-O 7. dxe5 Bb4 8.
c3 d5 9. exf6 dxc4 10. Qxd8 Rxd8 11. cxb4 Rd3 12. Re8# 1-0

[Event "Junior Online 4NCL Division 4"]
[Site "online"]
[Date "2020.10.29"]
[Round "6.9"]
[White "Wang, Yile"]
[Black "Zabary, Yoav"]
[Result "1-0"]
[WhiteElo "1195"]
[BlackElo "940"]
[PlyCount "65"]
[EventDate "2020.10.29"]
[WhiteTeam "Ojays G"]
[BlackTeam "Eden Primary Bishops"]

1. e4 e5 2. Nf3 Nc6 3. Bc4 Nf6 4. Ng5 Rg8 5. Bxf7+ Ke7 6. Bxg8 d6 7. Bxh7 Bg4
8. f3 Bh5 9. g4 Be8 10. Nc3 Qd7 11. Bf5 Qd8 12. d3 b5 13. h4 b4 14. Nd5+ Nxd5
15. exd5 Nd4 16. h5 Nxf5 17. gxf5 Rb8 18. Ne6 Qd7 19. h6 gxh6 20. Nxf8 Qd8 21.
Ne6 Qd7 22. Rxh6 Rb5 23. Rh7+ Kf6 24. Rxd7 Bxd7 25. Bg5+ Kxf5 26. c4 bxc3 27.
bxc3 Kg6 28. Qe2 Rxd5 29. Qe4+ Kf7 30. Qxd5 Bxe6 31. Qe4 d5 32. Qh7+ Ke8 33.
Qe7# 1-0

[Event "Junior Online 4NCL Division 4"]
[Site "online"]
[Date "2020.10.29"]
[Round "6.10"]
[White "Querfurth Waterman, Tal"]
[Black "Baker, Lawrence"]
[Result "0-1"]
[WhiteElo "850"]
[BlackElo "1195"]
[PlyCount "102"]
[EventDate "2020.10.29"]
[WhiteTeam "Eden Primary Bishops"]
[BlackTeam "Ojays G"]

1. e4 e5 2. Bc4 Nf6 3. Nc3 Nc6 4. d3 Bc5 5. Bg5 Bb4 6. Bd2 d6 7. a3 Bc5 8. b4
Bd4 9. Nf3 Bg4 10. h3 Bxf3 11. Qxf3 O-O 12. O-O-O a6 13. g4 b5 14. Bb3 a5 15.
Ne2 axb4 16. Bxb4 Nxb4 17. axb4 Nd7 18. Rdg1 Qg5+ 19. Kd1 Ra1+ 20. Nc1 Rxc1+
21. Ke2 Rxg1 22. Rxg1 c5 23. bxc5 Nxc5 24. Ba2 Bc3 25. Rh1 Qd2+ 26. Kf1 Qxc2
27. Bd5 Qxd3+ 28. Qxd3 Nxd3 29. Ke2 Nf4+ 30. Ke3 Nxd5+ 31. exd5 Bd4+ 32. Ke4
Rc8 33. h4 Rc2 34. f3 f6 35. h5 b4 36. Kd3 Rc3+ 37. Kd2 Rxf3 38. Rb1 b3 39. Ke2
Rf2+ 40. Ke1 b2 41. Kd1 Rf1+ 42. Kc2 Rxb1 43. Kxb1 Kf7 44. Kc2 g6 45. hxg6+
Kxg6 46. Kb1 Kg5 47. Kc2 Kxg4 48. Kb1 Kf3 49. Ka2 Ke3 50. Kb1 Kd2 51. Ka2 Kc2
0-1

[Event "Junior Online 4NCL Division 4"]
[Site "online"]
[Date "2020.10.29"]
[Round "6.11"]
[White "Gascoyne, Thomas"]
[Black "Marks, Rory"]
[Result "0-1"]
[WhiteElo "1187"]
[BlackElo "827"]
[PlyCount "56"]
[EventDate "2020.10.29"]
[WhiteTeam "Ojays G"]
[BlackTeam "Eden Primary Bishops"]

1. e4 e5 2. Nf3 Nc6 3. Bc4 Nf6 4. d3 Bc5 5. O-O d6 6. h3 Be6 7. Bb5 a6 8. Ba4
b5 9. Bb3 Bxb3 10. axb3 O-O 11. Bg5 h6 12. Bh4 g5 13. Bxg5 hxg5 14. Nxg5 Nd4
15. c3 Nc6 16. b4 Bb6 17. Qf3 a5 18. Qg3 Kh8 19. Qh4+ Kg7 20. Qg3 Kh8 21. Qh4+
Kg7 22. Qg4 Nxg4 23. hxg4 Qxg5 24. c4 bxc4 25. dxc4 Nd4 26. Nc3 axb4 27. Nd5
Qh6 28. Nxb4 Ne2# 0-1

[Event "Junior Online 4NCL Division 4"]
[Site "online"]
[Date "2020.10.29"]
[Round "6.12"]
[White "Block, Leo"]
[Black "Conlon, George"]
[Result "1-0"]
[WhiteElo "887"]
[BlackElo "1120"]
[PlyCount "59"]
[EventDate "2020.10.29"]
[WhiteTeam "Eden Primary Bishops"]
[BlackTeam "Ojays G"]

1. e4 Nf6 2. e5 Ne4 3. Bd3 Nc5 4. Nf3 d5 5. O-O e6 6. Bb5+ c6 7. Be2 b6 8. Nc3
Ba6 9. Bxa6 Nbxa6 10. d4 Ne4 11. Nxe4 dxe4 12. Ng5 h6 13. Nxe4 f5 14. Ng3 Qh4
15. Bd2 f4 16. Ne4 c5 17. Be1 O-O-O 18. f3 Rxd4 19. Bxh4 Rxd1 20. Raxd1 g5 21.
Bf2 h5 22. Nxg5 Rg8 23. Nxe6 Bh6 24. Rd5 Rh8 25. Rfd1 Nb4 26. Rd8+ Rxd8 27.
Rxd8+ Kb7 28. c3 Nc6 29. Rg8 Nxe5 30. Rh8 1-0

[Event "Junior Online 4NCL Division 4"]
[Site "online"]
[Date "2020.10.29"]
[Round "6.15"]
[White "Elisseev-Siuda, Ivan"]
[Black "De Sousa Muachikape, Jael"]
[Result "0-1"]
[WhiteElo "1225"]
[BlackElo "1607"]
[PlyCount "58"]
[EventDate "2020.10.29"]
[WhiteTeam "Manchester Juniors D"]
[BlackTeam "Leeds Juniors 1"]

1. e4 c5 2. Nc3 Nc6 3. Nf3 e6 4. d3 d5 5. exd5 exd5 6. Bf4 a6 7. Ne5 Nf6 8.
Nxc6 bxc6 9. Be2 Be7 10. O-O O-O 11. Bf3 Re8 12. Re1 Be6 13. Rc1 Qd7 14. Be5 h6
15. Bxf6 Bxf6 16. Na4 Qd6 17. h3 Rab8 18. Bg4 Bxg4 19. Rxe8+ Rxe8 20. Qxg4 Bg5
21. h4 Bxc1 22. f3 Qe5 23. Nxc5 Be3+ 24. Kh1 Bxc5 25. Qd7 Qe3 26. Kh2 Qg1+ 27.
Kg3 Qf2+ 28. Kh2 Qxh4+ 29. Qh3 Bd6+ 0-1

[Event "Junior Online 4NCL Division 4"]
[Site "online"]
[Date "2020.10.29"]
[Round "6.16"]
[White "Rowe, Angelica"]
[Black "Correa, Edward"]
[Result "1-0"]
[WhiteElo "1330"]
[BlackElo "1187"]
[PlyCount "45"]
[EventDate "2020.10.29"]
[WhiteTeam "Leeds Juniors 1"]
[BlackTeam "Manchester Juniors D"]

1. e4 c5 2. Nc3 e6 3. f4 a6 4. a4 b6 5. Bc4 d6 6. Nf3 Qc7 7. O-O Nc6 8. d3 Bb7
9. f5 e5 10. Ng5 Nd8 11. Qh5 Nf6 12. Qf3 h6 13. Nh3 Be7 14. Qg3 g5 15. fxg6
fxg6 16. Qxg6+ Kd7 17. Qf5+ Ke8 18. Qg6+ Kd7 19. Rxf6 Bxf6 20. Qxf6 Nc6 21.
Be6+ Ke8 22. Qxh8+ Ke7 23. Nd5+ 1-0

[Event "Junior Online 4NCL Division 4"]
[Site "online"]
[Date "2020.10.29"]
[Round "6.17"]
[White "Topping, Rachel"]
[Black "Krishnan, Aditya"]
[Result "1-0"]
[WhiteElo "1127"]
[BlackElo "1397"]
[PlyCount "45"]
[EventDate "2020.10.29"]
[WhiteTeam "Manchester Juniors D"]
[BlackTeam "Leeds Juniors 1"]

1. e4 c6 2. Nf3 d5 3. Bd3 dxe4 4. Bxe4 Nf6 5. Nc3 Nxe4 6. Nxe4 Bf5 7. d3 e6 8.
Bg5 Qa5+ 9. c3 Nd7 10. O-O Bxe4 11. dxe4 f6 12. Bh4 Ne5 13. Nd4 Ke7 14. f4 Ng6
15. Bg3 Rd8 16. f5 e5 17. fxg6 exd4 18. cxd4 hxg6 19. Be1 Qc7 20. Bb4+ Ke8 21.
g3 Bxb4 22. a3 Rd7 23. axb4 1-0

[Event "Junior Online 4NCL Division 4"]
[Site "online"]
[Date "2020.10.29"]
[Round "6.19"]
[White "De Sousa Muachikape, Jael"]
[Black "Elisseev-Siuda, Ivan"]
[Result "1-0"]
[WhiteElo "1607"]
[BlackElo "1225"]
[PlyCount "51"]
[EventDate "2020.10.29"]
[WhiteTeam "Leeds Juniors 1"]
[BlackTeam "Manchester Juniors D"]

1. d4 d5 2. c4 dxc4 3. Nf3 Nc6 4. e3 Na5 5. Bd2 b6 6. Bxa5 bxa5 7. Bxc4 Be6 8.
Bxe6 fxe6 9. Ne5 Qd5 10. Nc3 Qxg2 11. Qa4+ c6 12. O-O-O Nf6 13. Rhg1 Qh3 14.
Qxc6+ Kd8 15. Qxa8+ Kc7 16. Qxa7+ Kc8 17. Qa6+ Kd8 18. Qxa5+ Kc8 19. Qa8+ Kc7
20. Nb5+ Kb6 21. Qc6+ Ka5 22. Nc4+ Kb4 23. Qc5+ Ka4 24. Qa3+ Kxb5 25. Qc5+ Ka6
26. Qb6# 1-0

[Event "Junior Online 4NCL Division 4"]
[Site "online"]
[Date "2020.10.29"]
[Round "6.20"]
[White "Correa, Edward"]
[Black "Rowe, Angelica"]
[Result "1/2-1/2"]
[WhiteElo "1187"]
[BlackElo "1330"]
[PlyCount "164"]
[EventDate "2020.10.29"]
[WhiteTeam "Manchester Juniors D"]
[BlackTeam "Leeds Juniors 1"]

1. e4 c6 2. d4 d5 3. e5 Bf5 4. Nf3 e6 5. Be2 c5 6. c3 cxd4 7. cxd4 f6 8. Be3
fxe5 9. dxe5 Bb4+ 10. Nc3 Qa5 11. Bd2 Nc6 12. Nb1 Bxd2+ 13. Nbxd2 Nb4 14. O-O
Ne7 15. a3 Nbc6 16. Nb3 Qc7 17. Nbd4 O-O 18. Nb5 Qb6 19. Nd6 Nxe5 20. Nxe5 Qxd6
21. Nf3 Qf4 22. Qc1 Qd6 23. Nd4 Qe5 24. Nf3 Qf6 25. h3 Qg6 26. Nh4 Qf6 27. Nxf5
Nxf5 28. Re1 Rf7 29. Bf3 Qg6 30. Qc2 Qg5 31. Qc1 Qg6 32. Qd1 Nh4 33. Bg4 h5 34.
g3 hxg4 35. gxh4 gxh3+ 36. Kf1 Qg2+ 37. Ke2 Rxf2+ 38. Kd3 Rf3+ 39. Re3 Rxe3+
40. Kxe3 Rf8 41. Qg1 Qe4+ 42. Kd2 Qf4+ 43. Qe3 Qh2+ 44. Kc3 Rc8+ 45. Kb3 Qc2+
46. Ka2 Qc4+ 47. Kb1 Qxh4 48. Qxe6+ Kh7 49. Qxc8 h2 50. Ka2 h1=Q 51. Rxh1 Qxh1
52. Qc2+ Kg8 53. Qc8+ Kh7 54. Qf5+ Kh6 55. Qf4+ Kh5 56. Qf5+ Kh4 57. Qf4+ Kh3
58. Qf5+ Kg2 59. Qxd5+ Kg1 60. Qd1+ Kg2 61. Qd5+ Kh2 62. Qd6+ Kg2 63. Qg6+ Kf1
64. Qf5+ Kg2 65. Qg4+ Kh2 66. Qxg7 Qd5+ 67. b3 Qc6 68. Qb2+ Kg3 69. Qg7+ Kf3
70. Qc3+ Ke4 71. Qxc6+ bxc6 72. b4 Kd4 73. Kb3 Kd5 74. Ka4 Kc4 75. Ka5 c5 76.
Ka4 Kd5 77. bxc5 Kxc5 78. Ka5 Kc6 79. Ka6 Kc5 80. a4 Kb4 81. a5 Ka4 82. Kxa7
Kxa5 1/2-1/2

[Event "Junior Online 4NCL Division 4"]
[Site "online"]
[Date "2020.10.29"]
[Round "6.21"]
[White "Krishnan, Aditya"]
[Black "Topping, Rachel"]
[Result "1-0"]
[WhiteElo "1397"]
[BlackElo "1127"]
[PlyCount "55"]
[EventDate "2020.10.29"]
[WhiteTeam "Leeds Juniors 1"]
[BlackTeam "Manchester Juniors D"]

1. c4 Nf6 2. Nc3 Nc6 3. g3 d5 4. cxd5 Nxd5 5. Bg2 Nxc3 6. bxc3 e5 7. e4 Bc5 8.
Nf3 Bg4 9. O-O O-O 10. d3 f5 11. h3 Bh5 12. exf5 Qf6 13. g4 Be8 14. Ng5 g6 15.
Bd5+ Kh8 16. Ne6 Rf7 17. Bg5 Qxg5 18. Nxg5 Rf8 19. Qf3 gxf5 20. gxf5 Be7 21.
Ne6 Rg8+ 22. Kh1 Bf7 23. Rg1 Bc5 24. Rxg8+ Rxg8 25. Rg1 e4 26. Rxg8+ Bxg8 27.
Qg4 Ne5 28. Qg7# 1-0

[Event "Junior Online 4NCL Division 4"]
[Site "online"]
[Date "2020.10.29"]
[Round "6.25"]
[White "Taylor, Kai"]
[Black "Patel, Rohan"]
[Result "0-1"]
[WhiteElo "1300"]
[BlackElo "1037"]
[PlyCount "74"]
[EventDate "2020.10.29"]
[WhiteTeam "York"]
[BlackTeam "May The Fork Be With You 8"]

1. e4 e5 2. Nf3 Nc6 3. Bb5 d6 4. Nc3 Bd7 5. Bc4 Be7 6. d3 Nf6 7. O-O O-O 8. Re1
Re8 9. Be3 a6 10. Ng5 Rf8 11. Nf3 Ng4 12. Bd2 b5 13. Bd5 Nf6 14. Bb3 Nd4 15.
Nxd4 exd4 16. Nd5 Nxd5 17. Bxd5 c6 18. Bb3 Be6 19. Bxe6 fxe6 20. c3 dxc3 21.
Bxc3 Bf6 22. Bxf6 Qxf6 23. Rb1 Qxf2+ 24. Kh1 Qf6 25. h3 Rf7 26. d4 Raf8 27. e5
dxe5 28. dxe5 Qf5 29. Qd6 c5 30. Qxc5 h6 31. Qb6 Rd7 32. Kg1 Rd5 33. Qc7 a5 34.
g4 Qf2+ 35. Kh1 Qf3+ 36. Kh2 Rd2+ 37. Kg1 Qg2# 0-1

[Event "Junior Online 4NCL Division 4"]
[Site "online"]
[Date "2020.10.29"]
[Round "6.26"]
[White "Dhaliwal, Simrun Kaur"]
[Black "Leatham, Bertie"]
[Result "1/2-1/2"]
[WhiteElo "940"]
[BlackElo "1225"]
[PlyCount "41"]
[EventDate "2020.10.29"]
[WhiteTeam "May The Fork Be With You 8"]
[BlackTeam "York"]

1. e4 e5 2. Nf3 Nc6 3. Bc4 d6 4. O-O Bg4 5. h3 Bh5 6. c3 Be7 7. d4 Nf6 8. Re1
O-O 9. Be3 Nxe4 10. Qc2 Bxf3 11. gxf3 Ng5 12. Nd2 Nxh3+ 13. Kh2 Nf4 14. Bxf4
exf4 15. Kg1 d5 16. Bd3 g6 17. Kg2 Bh4 18. Rh1 Qg5+ 19. Kf1 Rfe8 20. Nb3 Re7
21. Rg1 1/2-1/2

[Event "Junior Online 4NCL Division 4"]
[Site "online"]
[Date "2020.10.29"]
[Round "6.27"]
[White "Cashdan, Japhet"]
[Black "Szajman, Adam"]
[Result "0-1"]
[WhiteElo "1097"]
[BlackElo "962"]
[PlyCount "62"]
[EventDate "2020.10.29"]
[WhiteTeam "York"]
[BlackTeam "May The Fork Be With You 8"]

1. e4 e6 2. d4 d5 3. Nc3 dxe4 4. Nxe4 Bb4+ 5. c3 Bd6 6. Nxd6+ Qxd6 7. Nf3 Nf6
8. Qa4+ Qd7 9. Bb5 c6 10. Bc4 b5 11. Qb4 bxc4 12. O-O Ne4 13. Qxc4 Qd5 14. Qd3
Ba6 15. Qe3 Bxf1 16. Kxf1 O-O 17. Nd2 Nxd2+ 18. Bxd2 Nd7 19. Rc1 Qh5 20. f3 e5
21. c4 exd4 22. Qxd4 Qe5 23. Qf2 Qc5 24. Be3 Qe5 25. Rd1 Nf6 26. Bd4 Qxh2 27.
Bxf6 gxf6 28. Ke1 Qh1+ 29. Ke2 Rae8+ 30. Kd2 Rd8+ 31. Kc1 Qxd1# 0-1

[Event "Junior Online 4NCL Division 4"]
[Site "online"]
[Date "2020.10.29"]
[Round "6.28"]
[White "Subramonian, Ananya"]
[Black "Meyers, Grace"]
[Result "0-1"]
[WhiteElo "887"]
[BlackElo "925"]
[PlyCount "76"]
[EventDate "2020.10.29"]
[WhiteTeam "May The Fork Be With You 8"]
[BlackTeam "York"]

1. e4 e5 2. Nf3 Nc6 3. Bc4 Nf6 4. Ng5 d5 5. exd5 Nxd5 6. d3 h6 7. Ne4 Nf6 8.
Nxf6+ gxf6 9. Nc3 Bg7 10. Be3 h5 11. O-O Be6 12. Bxe6 fxe6 13. Nb5 a6 14. Nc3
Qd7 15. Bc5 b6 16. Ba3 O-O-O 17. d4 exd4 18. Ne4 f5 19. Ng5 d3 20. cxd3 Bf6 21.
Qa4 Bxg5 22. Qxa6+ Kb8 23. Bb4 Qc8 24. Qa4 Nxb4 25. Qxb4 Rxd3 26. Rfd1 Rxd1+
27. Rxd1 Rd8 28. Rc1 Bxc1 29. h3 e5 30. Qe1 Bxb2 31. Qe2 Bd4 32. Qxh5 Qe6 33.
Qg5 Rg8 34. Qh4 Qxa2 35. Kh2 Qf7 36. f3 Qg7 37. Qg3 Qxg3+ 38. Kh1 Qxg2# 0-1

[Event "Junior Online 4NCL Division 4"]
[Site "online"]
[Date "2020.10.29"]
[Round "6.29"]
[White "Patel, Rohan"]
[Black "Taylor, Kai"]
[Result "1-0"]
[WhiteElo "1037"]
[BlackElo "1300"]
[PlyCount "55"]
[EventDate "2020.10.29"]
[WhiteTeam "May The Fork Be With You 8"]
[BlackTeam "York"]

1. e4 e5 2. Nf3 Nc6 3. Bc4 h6 4. Nc3 Bc5 5. O-O Nf6 6. d3 d6 7. h3 O-O 8. Be3
Bb6 9. Bxb6 cxb6 10. d4 a6 11. dxe5 dxe5 12. Qxd8 Rxd8 13. a4 Be6 14. Bd3 b5
15. axb5 axb5 16. Rxa8 Rxa8 17. Bxb5 Rd8 18. Rd1 Bc8 19. Rxd8+ Nxd8 20. Nxe5
Ne6 21. Bc4 Nd4 22. Bxf7+ Kh7 23. Bg6+ Kh8 24. Nf7+ Kg8 25. Nd6 Be6 26. e5 Nd7
27. f4 Nc5 28. b4 1-0

[Event "Junior Online 4NCL Division 4"]
[Site "online"]
[Date "2020.10.29"]
[Round "6.30"]
[White "Leatham, Bertie"]
[Black "Dhaliwal, Simrun Kaur"]
[Result "1-0"]
[WhiteElo "1225"]
[BlackElo "940"]
[PlyCount "49"]
[EventDate "2020.10.29"]
[WhiteTeam "York"]
[BlackTeam "May The Fork Be With You 8"]

1. e4 e5 2. Nf3 Nc6 3. Nc3 Nf6 4. Bb5 Bc5 5. Bxc6 dxc6 6. Nxe5 Qd4 7. Nd3 Nxe4
8. Qe2 Bf5 9. Nxc5 Qxc5 10. Nxe4 Bxe4 11. Qxe4+ Kf8 12. O-O Kg8 13. Re1 h6 14.
d4 Qb6 15. b3 Qa5 16. Bb2 Qh5 17. Qe7 Rc8 18. Rad1 Kh7 19. Qe4+ g6 20. d5 Rhe8
21. Qd4 Rxe1+ 22. Rxe1 Rg8 23. Re8 c5 24. Qh8+ Rxh8 25. Rxh8# 1-0

[Event "Junior Online 4NCL Division 4"]
[Site "online"]
[Date "2020.10.29"]
[Round "6.31"]
[White "Szajman, Adam"]
[Black "Cashdan, Japhet"]
[Result "1-0"]
[WhiteElo "962"]
[BlackElo "1097"]
[PlyCount "127"]
[EventDate "2020.10.29"]
[WhiteTeam "May The Fork Be With You 8"]
[BlackTeam "York"]

1. d4 d5 2. c4 Nf6 3. cxd5 Qxd5 4. Qb3 Qa5+ 5. Qc3 Qxc3+ 6. Nxc3 Nc6 7. d5 Ne5
8. Bf4 Nc4 9. Bxc7 Nxb2 10. Nd1 Nxd1 11. Rxd1 e6 12. dxe6 Bxe6 13. Bd6 Bxd6 14.
Rxd6 O-O 15. Nf3 Rfd8 16. Rxd8+ Rxd8 17. e3 Bxa2 18. Bb5 Ne8 19. O-O a6 20.
Bxe8 Rxe8 21. Ra1 Bd5 22. Nd4 b5 23. Rxa6 b4 24. Rb6 b3 25. Nxb3 Bxb3 26. Rxb3
h6 27. h4 g6 28. g4 Kg7 29. g5 hxg5 30. hxg5 Re5 31. f4 Rf5 32. Rb6 f6 33.
gxf6+ Rxf6 34. Rxf6 Kxf6 35. Kf2 g5 36. fxg5+ Kxg5 37. Kf3 Kf6 38. e4 Ke6 39.
Kf4 Ke7 40. Kf5 Ke8 41. Kf6 Kf8 42. e5 Ke8 43. e6 Kf8 44. Ke5 Ke7 45. Kf5 Ke8
46. Kf6 Kd8 47. Kf7 Kc7 48. e7 Kd7 49. e8=Q+ Kd6 50. Qe6+ Kc5 51. Ke7 Kd4 52.
Kd6 Kd3 53. Qe5 Kc4 54. Qd5+ Kc3 55. Qe4 Kd2 56. Qf3 Kc2 57. Qe3 Kb2 58. Qd3
Ka2 59. Qc3 Kb1 60. Qd2 Ka1 61. Kc5 Kb1 62. Kb4 Ka1 63. Kb3 Kb1 64. Qb2# 1-0

[Event "Junior Online 4NCL Division 4"]
[Site "online"]
[Date "2020.10.29"]
[Round "6.32"]
[White "Meyers, Grace"]
[Black "Subramonian, Ananya"]
[Result "1-0"]
[WhiteElo "925"]
[BlackElo "887"]
[PlyCount "139"]
[EventDate "2020.10.29"]
[WhiteTeam "York"]
[BlackTeam "May The Fork Be With You 8"]

1. e4 e5 2. Nf3 Nc6 3. Bc4 Be7 4. O-O Nf6 5. Nc3 O-O 6. b3 Bc5 7. Bb2 d6 8. Nd5
Nxe4 9. d4 exd4 10. Nxd4 Ne5 11. Re1 Bf5 12. g4 Bg6 13. f3 Ng5 14. f4 Nh3+ 15.
Kg2 Nxf4+ 16. Nxf4 Qh4 17. Nxg6 Nxg6 18. Qf3 Qg5 19. Bc1 Nh4+ 20. Kf2 Nxf3 21.
Bxg5 Bxd4+ 22. Kxf3 Rfd8 23. Bxd8 Rxd8 24. Rad1 Bc5 25. Rd5 Rd7 26. Rxc5 h6 27.
Rf5 g6 28. Rd5 c6 29. Rdd1 b5 30. Bd3 a5 31. Rg1 Re7 32. Rde1 Rb7 33. Be4 d5
34. Bd3 c5 35. Re5 Rd7 36. Bxb5 Rd6 37. Rd1 h5 38. gxh5 gxh5 39. Rdxd5 Rh6 40.
Rxc5 h4 41. Rc8+ Kg7 42. Ree8 Rf6+ 43. Ke2 Kh6 44. Rh8+ Kg5 45. Rcg8+ Kf4 46.
h3 Ke4 47. Rg4+ Kf5 48. Bd3+ Ke6 49. Re8+ Kd5 50. Be4+ Kc5 51. Rg5+ Kb4 52.
Rb8+ Ka3 53. Rxa5+ Kb2 54. a4 Rf4 55. Bd3 Kc1 56. Rg8 Rd4 57. Rg1+ Kb2 58. Rf5
Kc3 59. Rc5+ Kb4 60. Rb5+ Kc3 61. Rf1 Rxd3 62. cxd3 f6 63. Rc5+ Kxb3 64. Rb1+
Ka2 65. Rbb5 Ka3 66. a5 Ka4 67. Rb1 Ka3 68. a6 Ka4 69. a7 Ka3 70. a8=Q# 1-0

[Event "Junior Online 4NCL Division 4"]
[Site "online"]
[Date "2020.10.29"]
[Round "6.35"]
[White "Wilkinson, Bernard"]
[Black "Baker, Luke"]
[Result "1-0"]
[WhiteElo "1075"]
[BlackElo "1000"]
[PlyCount "51"]
[EventDate "2020.10.29"]
[WhiteTeam "Cambridge Chess & Go C"]
[BlackTeam "Surrey Kings 3"]

1. e4 e5 2. Bc4 Qh4 3. Nf3 Qxe4+ 4. Be2 Qg6 5. O-O e4 6. Ne5 Qe6 7. d4 Nc6 8.
Bg4 f5 9. Bh5+ g6 10. Nxc6 Qxc6 11. d5 Qd6 12. Be2 Nf6 13. b3 Nxd5 14. Ba3 Qe5
15. Bxf8 Kxf8 16. Qc1 Qxa1 17. Qh6+ Ke8 18. Na3 Qxa2 19. Nc4 Qxc2 20. Qg7 Rf8
21. Qe5+ Kd8 22. Bd1 Qd3 23. Qg7 Ke8 24. Qe5+ Kd8 25. Qg7 Nc3 26. Qxf8# 1-0